| 000 | 00997nam a2200301 i 4500 | ||
|---|---|---|---|
| 001 | 000047971 | ||
| 003 | DO-SdBNP | ||
| 005 | 20240409073644.0 | ||
| 007 | ta | ||
| 008 | 100921t1991 dr ac 000 0cspa d | ||
| 040 |
_aDO-SdBNP _bspa _cBNPHU _erda |
||
| 082 |
_a923.17293053 _bT866F, _222 |
||
| 100 | 1 |
_aFerreas, Ramón Alberto, _d1930-1993 _975491 |
|
| 245 | 1 | 0 |
_aTrujillo y sus mujeres / _cRamón Alberto Ferreras. |
| 250 | _a6a. edición | ||
| 260 |
_bEditora del Nordeste, _c1991 |
||
| 264 |
_aSanto Domingo : _bEditora del Nordeste, _c1991 |
||
| 300 |
_a177 p. : _bil., retrs. ; _c21 cm. |
||
| 336 |
_2rdaconten _atexto _btxt |
||
| 337 |
_2rdamedia _asin mediación _bn |
||
| 338 |
_2rdacarrier _avolumen _bnc |
||
| 500 | _aIncluye datos biográficos del autor. | ||
| 590 | _aInventariado, 2018/VM | ||
| 600 | 1 | 0 |
_aTrujillo Molina, Rafael Leónidas, _d1891-1961 _xRelaciones con mujeres _946023 |
| 651 | 4 |
_aRepública Dominicana _xBiografías _91325 |
|
| 910 | _aVM | ||
| 942 |
_2ddc _cLBS1 |
||
| 999 |
_c47459 _d47459 |
||